Trabajos en grupo : hacia una coordinación facilitadora del grupo sano /
Guardado en:
| Autor Principal: | |
|---|---|
| Formato: | Libro |
| Publicado: |
Buenos Aires :
Kapelusz,
1992
|
| Materias: | |
| Etiquetas: |
Agregar Etiqueta
Sin Etiquetas, Sea el primero en etiquetar este registro!
|
| LEADER | 00611nam a22002055a 4500 | ||
|---|---|---|---|
| 001 | CEM.cems015710 | ||
| 005 | 20130506170544.0 | ||
| 008 | 130507s1992##################000#0#####d | ||
| 003 | CEMS | ||
| 020 | |a 9501361411 | ||
| 082 | 0 | 4 | |a 301.158 |
| 100 | 1 | |a Barreiro, Telma | |
| 245 | 1 | 0 | |a Trabajos en grupo : |b hacia una coordinación facilitadora del grupo sano / |c Telma Barreiro, |
| 260 | |a Buenos Aires : |b Kapelusz, |c 1992 | ||
| 300 | |a 178 p. | ||
| 653 | |a Dinámica de grupo | ||
| 653 | |a Educación | ||
| 653 | |a Grupo | ||
| 653 | |a Psicología social | ||
| 859 | |a CEMS |b BIB. CEMS - Agricultura |h 301.158 |i B274 |p A19313.97 |t Ej.1 | ||
